Auditoría financiera aplicada a la empresa Molsur “Moldes del sur” Dedicada a la fabricación de moldes de plástico. (Registro nro. 48580)
[ vista simple ]
| 000 -CABECERA | |
|---|---|
| Campo de control interno | nam a22 7a 4500 |
| 005 - FECHA Y HORA DE LA CATALOGACION | |
| Campo de control | 20230331143130.0 |
| 008 - ELEMENTOS DE LONGITUD FIJA - INFORMACION | |
| Elementos de Longitud Fija - Informaci | 200420b xxu||||| |||| 00| 0 eng d |
| 040 ## - ORIGEN DE LA CATALOGACION | |
| Origen de la Catalogación | ANE |
| 041 ## - CODIGO DE LENGUAJE | |
| Código de lenguaje del texto | Es |
| 100 ## - AUTOR PERSONAL | |
| Autor Personal | Molina Ortega,Laura Marisol |
| 245 ## - TÍTULO GENERAL | |
| Título | Auditoría financiera aplicada a la empresa Molsur “Moldes del sur” Dedicada a la fabricación de moldes de plástico. |
| 260 ## - EDITORIAL | |
| Ciudad | Quito |
| Fecha | 2012 |
| 300 ## - DESCRIPCION | |
| Número de páginas | 247 p. |
| 650 ## - DESCRIPTORES - TEMAS | |
| Temas - Descriptores | Auditoria Financiera |
| 650 ## - DESCRIPTORES - TEMAS | |
| Temas - Descriptores | Contabilidad |
| 650 ## - DESCRIPTORES - TEMAS | |
| Temas - Descriptores | Auditorìa |
| 650 ## - DESCRIPTORES - TEMAS | |
| Temas - Descriptores | Control Interno |
| 856 ## - URL - Ubicaci | |
| URI/URL | http://documentacion.asambleanacional.gob.ec/alfresco/d/d/workspace/SpacesStore/8234de6d-30e0-4b9e-8e1e-2e4a2f4c8762/TESIS%20AUDITORIA%20FINANCIERA%20APLICADA%20A%20LA%20EMPRESA%20MOLSUR.pdf |
| 942 ## - ELEMENTOS DE KOHA | |
| Esquema de Clasificaci | |
| Tipo de Documento | Biblioteca Virtual |
| Catalogador | Nr. |
| Withdrawn status | Lost status | Fuente de Clasificaci | Damaged status | Not for loan | Ubicaci | Biblioteca | Fecha de Adquisición | Vía de adquisición | Signatura Topogr | Código de barras | Date last seen | Price effective from | Tipo de Item |
|---|---|---|---|---|---|---|---|---|---|---|---|---|---|
| Biblioteca Asamblea Nacional | Biblioteca Asamblea Nacional | 2020-04-20 | Donación | TESIS | 0423 | 2020-04-20 | 2020-04-20 | Biblioteca Virtual |